00748nam a2200205 a 450000100100000000500170001000800410002702000150006804000250008308200150010824501160012326000490023930000280028849000350031650000210035150000380037250400690041070000280047983000350050700000453120200929151443.0090723s2006 sp a 001 0 spa d a8496515281 aDO-SdBNPbspacBNPHU axxxbP769t03aLa política de transporte europea :bel papel del análisis económico /cGinés de Rus Mendoza, director. aBilbao, España :bFundación BBVA,c2006. a329 P. :bil. ;c24 cm.1 aArte Gráfico Contemporáneo aIncluye índice aIncluye notas al pie de páginas aIncluye referencias bibliográficas al final de los capítulos1 aRus Mendoza, Ginés de 0aArte Gráfico Contemporáneo